Management Accounting (Record no. 5472)

MARC details
000 -LEADER
fixed length control field 00326nam a2200145Ia 4500
008 - FIXED-LENGTH DATA ELEMENTS--GENERAL INFORMATION
fixed length control field 191201s2005 xx 000 0 und d
082 ## - DEWEY DECIMAL CLASSIFICATION NUMBER
Classification number 657
Item number GUM
100 ## - MAIN ENTRY--PERSONAL NAME
Personal name GUPTA, Shashi K
245 #0 - TITLE STATEMENT
Title Management Accounting
250 ## - EDITION STATEMENT
Edition statement Rep
260 ## - PUBLICATION, DISTRIBUTION, ETC. (IMPRINT)
Place of publication, distribution, etc N. Delhi
Name of publisher, distributor, etc kalyani
Date of publication, distribution, etc 2005
300 ## - PHYSICAL DESCRIPTION
Extent MISC
650 ## - SUBJECT ADDED ENTRY--TOPICAL TERM
Topical term or geographic name as entry element MBA
942 ## - ADDED ENTRY ELEMENTS (KOHA)
Source of classification or shelving scheme Dewey Decimal Classification
Koha item type Text Books
Holdings
Withdrawn status Lost status Source of classification or shelving scheme Damaged status Not for loan Collection code Home library Current library Date acquired Source of acquisition Cost, normal purchase price Bill Number Total Checkouts Full call number Acc. no. / Barcode Checked out Date last seen Date last borrowed Bill Date Koha item type Public note
    Dewey Decimal Classification     MBA PIET C-LIBRARY PIET C-LIBRARY 23/08/2012 IBH, New Delhi 475.00 8685 1 657 GUM 20750 30/05/2025 11/11/2024 11/11/2024 18/08/2012 Text Books  
    Dewey Decimal Classification     MBA PIET C-LIBRARY PIET C-LIBRARY 23/08/2012 IBH, New Delhi 475.00 8685 1 658.1511 GUM 20751   03/12/2024 19/11/2024 18/08/2012 Text Books  
    Dewey Decimal Classification     MBA PIET C-LIBRARY PIET C-LIBRARY 23/08/2012 IBH, New Delhi 475.00 8685   658.1511 GUM 20752   04/12/2019   18/08/2012 Text Books  
    Dewey Decimal Classification     MBA PIET C-LIBRARY PIET C-LIBRARY 23/08/2012 IBH, New Delhi 475.00 8685 1 658.1511 GUM 20753   11/04/2022 20/01/2021 18/08/2012 Text Books .
    Dewey Decimal Classification     MBA PIET C-LIBRARY PIET C-LIBRARY 23/08/2012 IBH, New Delhi 475.00 8685   658.1511 GUM 20754   19/11/2021   18/08/2012 Text Books  
    Dewey Decimal Classification     MBA PIET C-LIBRARY PIET C-LIBRARY 23/08/2012 IBH, New Delhi 475.00 8685   658.1511 GUM 20755   04/12/2019   18/08/2012 Text Books  
    Dewey Decimal Classification     MBA PIET C-LIBRARY PIET C-LIBRARY 23/08/2012 IBH, New Delhi 475.00 8685   658.1511 GUM 20756   04/12/2019   18/08/2012 Text Books  

Design & Developed by: PIET Central Library
R70 Miles Stone Pattikalyana Samalkha Panipat 132102
mail ID :- [email protected], Phone No:- 0180-2569700 Ex.216